01020cam a2200229 a 450000100100000000500170001000800410002704000420006808200190011010000440012924501190017326000630029230000210035550400510037665000540042765000550048165100580053691000340059495201230062899900300075104900090078100001263020200929163041.0771005s1968 ve b 000 0 spa  aDO-SdBNPbspacTNJdOCoLCdDLCdBNPHU a342.803bB847p1 aBrewer Carías, Allan-Randolph.91642914aLos problemas constitucionales de la integración económica latinoamericana. /cAllan-Randolph Brewer Carías. aCaracas, (Venezuela) :bBanco Central de Venezuela,c1968. a131 p. ;c19 cm. aNotas bibliográficas al pie de las páginas 4aDerecho de integraciónzAmérica Latina929389 4aIntegración económicazAmérica Latina929390 4aAmérica LatinaxPolítica Y Gobiernoy1948-929391 aCatalogación por copia / LC 001052708MOaGRbGRcCTd2009-11-13iLF1l0o342.803 B847pp12630-10r2020-06-25w2020-06-25y2ZPréstamo interno a1 n0000249c12283d12283 aBNGR